000 00332nam a22001457a 4500
008 221124b ||||| |||| 00| 0 eng d
020 _a9780736076012
041 _aeng
080 _2FOURTH EDITION
_a615.83
082 _a615.83FLE
100 _a16.2
101 _aEGZ
245 _aSPORT FIRST AID
_cFLEGEL J M
942 _2udc
_cBK
999 _c59027
_d59027